00334 a2200109 4500001001000000005001700010008004100027245006800068100001800136773005300154999001700207ART_4950620260410161745.0260409a 10aLos falsos autónomos en las empresas de plataformas digitales1 aDuarte, David0 tDoctrina laboralg- N° 408 (ago. 2019)wREV4049 c19116d19116